LAS CRUZADAS /

TRADUCCION DE: LES CROISADES

Uloženo v:
Podrobná bibliografie
Hlavní autor: Grousset, René (autor)
Médium: Kniha
Edice:(Lectores EUDEBA ; 71)
Témata:
Tagy: Přidat tag
Žádné tagy, Buďte první, kdo vytvoří štítek k tomuto záznamu!

MARC

LEADER 00000nam^a2200000^a^4500
001 000242954
005 20250521000000.0
009 20260310105317.94
035 |a 065491 
037 |a Acervo Xavier Clavigero 
082 |a 940. 18  |b GRO 
100 |a Grousset, René  |e (autor) 
245 1 4 |a LAS CRUZADAS /  |c RENE GROUSSET ; TR. RICARDO ANAYA 
264 |a BUENOS AIRES :  |b EUDEBA,  |c 1965 
300 |a 126 p. 
336 |a texto  |b txt  |2 rdacontenido 
337 |a sin mediación  |b n  |2 rdamedio 
338 |a volumen  |b nc  |2 rdasoporte 
440 |a (Lectores EUDEBA ;  |v 71) 
520 |a TRADUCCION DE: LES CROISADES 
520 |a INCLUYE BIBLIOGRAFIA 
649 |a XX 
650 |a Cruzadas -  |x Historia 
910 |a Fondo General 
920 |a Impresos - Libros 
930 |a Colección General 
905 |a 101 
901 |a 065491  |b IT1  |c ACC  |i 065491  |u 20250521 
902 |a https://opac.biblio.iteso.mx/vufind/Record/000242954